|
|
|
|
| LEADER |
00000naa0a2200000 4500 |
| 001 |
596374 |
| 005 |
20250407141013.0 |
| 035 |
|
|
|a (RuTPU)RU\TPU\tpu\19109
|
| 035 |
|
|
|a RU\TPU\tpu\19108
|
| 090 |
|
|
|a 596374
|
| 100 |
|
|
|a 20101229d2008 k y0rusy50 ca
|
| 101 |
0 |
|
|a rus
|
| 102 |
|
|
|a RU
|
| 200 |
1 |
|
|a Учебно-лабораторные комплексы на основе электрохимических методов анализа "ЭМА-2008"
|f М. И. Тартынова [и др.]
|
| 333 |
|
|
|a В фонде НТБ ТПУ отсутствует
|
| 463 |
|
|
|t ЭМА-2008
|v С. 111
|o ЭМА - 2008 : материалы VII Всероссийской конференции по электрохимическим методам анализа с международным участием
|d 2008
|
| 610 |
1 |
|
|a труды учёных ТПУ
|
| 701 |
|
1 |
|a Тартынова
|b М. И.
|c российский химик
|c доцент Томского политехнического университета
|g Марина Игоревна
|3 (RuTPU)RU\TPU\pers\27799
|
| 701 |
|
1 |
|a Бакибаев
|b А. А.
|c химик
|c профессор Томского политехнического университета, доктор химических наук
|f 1960-
|g Абдигали Абдиманапович
|3 (RuTPU)RU\TPU\pers\27073
|
| 701 |
|
1 |
|a Яговкин
|b А. Ю.
|
| 701 |
|
1 |
|a Яновский
|b В. А.
|
| 701 |
|
1 |
|a Медведев
|b Д. М.
|c специалист в области микропримесей
|c инженер-проектировщик Томского политехнического университета
|g Дмитрий Михайлович
|3 (RuTPU)RU\TPU\pers\27800
|
| 701 |
|
1 |
|a Жук
|b В. В.
|
| 701 |
|
1 |
|a Асташкина
|b А. П.
|c химик
|c доцент Томского политехнического университета, кандидат химических наук
|f 1984-
|g Анна Павловна
|3 (RuTPU)RU\TPU\pers\28329
|9 13238
|
| 801 |
|
1 |
|a RU
|b 63413507
|c 20101229
|
| 801 |
|
2 |
|a RU
|b 63413507
|c 20170206
|g RCR
|
| 942 |
|
|
|c BK
|